000 00622nam a22002057a 4500
999 _c13981
_d13981
003 AR-CdUCM
008 190417b ||||| |||| 00| 0 spa d
020 _a2-89429-895-1
040 _aMUNICIPALIDAD PROVINCIAL DEL CUSCO
_cBIBLIOTECA MUNICIPAL DEL CUSCO
082 _aPI / 803 /
_bC65
110 _aOvale.
_932619
245 _aLos cisnes salvajes /
260 _aChina :
_bOvale,
_c1996.
300 _a29 páginas ;
_c16 cm.
440 _aHans Christian Andersen, cuentos clasicos.
_932620
505 _aContenido :Los cisnes salvajes.
650 _aCuentos
_9217
942 _2ddc
_cLIBROS
945 _arum
_d2019-04-17